000 00746nam a2200217Ia 4500
003 OSt
005 20220926044711.0
006 a|||||r|||| 00| 0
007 ta
008 220923b |||||||| |||| 00| 0 eng d
037 _cGeneral Book
040 _aRTL
_cRTL
_beng
041 _2eng
_aeng
082 _aa8(T48),11,N7, K4/BB
110 _aAmerican Council of Learned Socities & the Social Science Research Council (Joint Committee of-)
_9349342
245 0 _aDirectory
_b Foreign Area fellows, 1952-63
260 _c1964
700 _aAmerican Council of Learned Socities & the Social Science Research Council (Joint Committee of-)
_9349343
942 _ha8(T48),11,N7, K4/BB
_cGB
_2CC
999 _c675560
_d675560